LEADER 02924nam 2200649 450 001 9910464893503321 005 20200520144314.0 010 $a1-59756-633-0 035 $a(CKB)3710000000122046 035 $a(EBL)1886748 035 $a(SSID)ssj0001261340 035 $a(PQKBManifestationID)11712189 035 $a(PQKBTitleCode)TC0001261340 035 $a(PQKBWorkID)11319966 035 $a(PQKB)10957088 035 $a(MiAaPQ)EBC1886748 035 $a(Au-PeEL)EBL1886748 035 $a(CaPaEBR)ebr10901607 035 $a(OCoLC)889240783 035 $a(EXLCZ)993710000000122046 100 $a20140813h20132013 uy 0 101 0 $aeng 135 $aur|n|---uuuuu 181 $ctxt$2rdacontent 182 $cc$2rdamedia 183 $acr$2rdacarrier 200 10$aPractical neurotology and skull base surgery /$fBabu, Seilesh ; Daniel Pieper, cover image 210 1$aSan Diego, California :$cPlural Publishing, Inc.,$d2013. 210 4$dİ2013 215 $a1 online resource (xiv, 202 pages) $cillustrations (some color) 300 $aIncludes index. 311 $a1-59756-511-3 320 $aIncludes bibliographical references and index. 327 $aContents; Foreword; Preface; Introduction; Acknowledgments; Contributors; Chapter 1: Skull Base Approaches: Neurosurgical Perspective; Chapter 2: Surgical Approaches to the Skull Base; Chapter 3: Minimally Invasive and Endoscopic Approaches to the Skull Base; Chapter 4: Vestibular Schwannoma; Chapter 5: Neurofibromatosis Type II and Auditory Brainstem Implant; Chapter 6: Lesions of Petrous Apex; Chapter 7: Petroclival Tumors; Chapter 8: Temporal Bone Malignancy; Chapter 9: Diffuse Osseous Lesions of Temporal Bone; Chapter 10: Stereotactic Radiotherapy for Skull Base Lesions 327 $aChapter 11: Intraoperative Cranial Nerve MonitoringIndex 330 $aPresenting the neurosurgeon's perspective and approach to skull base surgery, this book includes an up-to-date description for management of vestibular schwannomas including detailed surgical approaches and stereotactic radiotherapy. It is a helpful tool to assist in Neurotology sub-certification exam preparation. 606 $aSkull base$xSurgery 606 $aOtologic Surgical Procedures 606 $aNeurosurgical Procedures 606 $aOtorhinolaryngologic Neoplasms 606 $aSkull Base Neoplasms 608 $aElectronic books. 615 0$aSkull base$xSurgery. 615 0$aOtologic Surgical Procedures. 615 0$aNeurosurgical Procedures. 615 0$aOtorhinolaryngologic Neoplasms. 615 0$aSkull Base Neoplasms. 676 $a617.514 700 $aSeilesh$b Babu$0888625 702 $aPieper$b Daniel 801 0$bMiAaPQ 801 1$bMiAaPQ 801 2$bMiAaPQ 906 $aBOOK 912 $a9910464893503321 996 $aPractical neurotology and skull base surgery$91985123 997 $aUNINA LEADER 01691oam 2200433 450 001 9910717100203321 005 20220103110807.0 035 $a(CKB)5470000002527199 035 $a(OCoLC)1287095943 035 $a(EXLCZ)995470000002527199 100 $a20211203d1973 ua 0 101 0 $aeng 135 $aur||||||||||| 181 $ctxt$2rdacontent 182 $cc$2rdamedia 183 $acr$2rdacarrier 200 10$aWater quality of the Lake Siskiyou area and a reach of upper Sacramento River below Box Canyon Dam, California, May 1970 through September 1971 /$fby Alex E. Dong and Robert L. Tobin 210 1$aMenlo Park, Calif. :$cU.S. Geological Survey,$d1973. 215 $a1 online resource (iv, 40 pages) $cillustrations, one map 225 1 $aWater-resources investigations ;$v15-73 300 $a"September 1973." 320 $aIncludes bibliographical references (pages 21). 517 1 $aWater quality of the Lake Siskiyou area, California 606 $aWater quality$zCalifornia$zBox Canyon (Siskiyou County) 606 $aWater quality$xMeasurement 606 $aFlood dams and reservoirs$zCalifornia$zBox Canyon (Siskiyou County) 615 0$aWater quality 615 0$aWater quality$xMeasurement. 615 0$aFlood dams and reservoirs 700 $aDong$b Alex E.$01406982 702 $aTobin$b Robert L. 712 02$aGeological Survey (U.S.), 801 0$bGPO 801 1$bGPO 801 2$bGPO 906 $aBOOK 912 $a9910717100203321 996 $aWater quality of the Lake Siskiyou area and a reach of upper Sacramento River below Box Canyon Dam, California, May 1970 through September 1971$93502772 997 $aUNINA